| 000 | 00672nam a2200181 a 4500 | ||
|---|---|---|---|
| 001 | 000029194 | ||
| 005 | 20200930055405.0 | ||
| 008 | 110414s1983 dr 000 0 spa d | ||
| 040 |
_aDO-SdBNP _bspa _cBNPHU |
||
| 082 |
_axxx _bC748c |
||
| 111 | 1 |
_aConferencia, la contaminación ambiental _cSanto Domingo _d1979 jul. 6 : _956107 |
|
| 245 | 1 | 0 |
_aLa contaminación ambiental : _bpeligro que nos amenaza a todos / _cJaime A. Viñas Román. |
| 260 |
_aSanto Domingo : _bFundación para el Desarrollo de la Juventud Rural, _c1983. _fEditora Taller |
||
| 300 |
_a25 p. ; _c21 cm. |
||
| 504 | _aBibliografía : p. 24-25 | ||
| 700 | 1 |
_aViñas Román, Jaime A. _923796 |
|
| 049 | _aBNPD | ||
| 999 |
_c28686 _d28686 |
||